| 000 | 00879nam a22002417a 4500 | ||
|---|---|---|---|
| 005 | 20111108112421.0 | ||
| 008 | 111108t xxu||||| |||| 00| 0 eng d | ||
| 010 | _aENG-104060 | ||
| 020 |
_a9789381385302 _c675.00 |
||
| 035 | _aEN-87593 | ||
| 037 | _bDBAD/PUB | ||
| 040 |
_aDPL _bEng |
||
| 082 | _a370.9 | ||
| 100 | _935745 | ||
| 245 |
_aComparitive education : _cedited by Archana Sharma _ban analysis / |
||
| 260 |
_aDelhi _bAncient Publishing House _c2011 |
||
| 270 |
_aV-75, Street No. 15-A, Vijay Park, Near C-11, Shiv Sadhana Mandir, Yamuna Vihar _bDelhi _e110053 |
||
| 300 |
_avi,292p. _c22cm (Hb) |
||
| 500 | _aIncludes index | ||
| 700 |
_935744 _aSharma, Archana |
||
| 942 |
_2ddc _cEN _h370.9 _mCOM |
||
| 999 |
_c58206 _d58206 |
||